| 000 | 00715nmm a2200265 a 4500 | ||
|---|---|---|---|
| 003 | AR-BaBNM | ||
| 005 | 20251128204703.0 | ||
| 008 | 046019s1992 ||||||||||||||000 | spa|| | ||
| 040 | _cAR-BaBNM | ||
| 100 | 1 | _aCruz, Trino | |
| 245 | 1 | 0 |
_aLecturas del espacio profanado _bpoemas de Trino Cruz con obras de Ben Yessef |
| 260 |
_aSevilla _bTrino Cruz _c1992 |
||
| 300 | 0 |
_a47 p. _blams. |
|
| 500 | 0 | _aLas obras reproducidas pertenecen a Ahmed Ben Yessef | |
| 650 | 4 | _aLITERATURA ESPANOLA | |
| 650 | 4 | _aPOESIA | |
| 650 | 4 | _aCULTURA | |
| 650 | 4 | _aHUMANIDADES | |
| 650 | 4 | _aRECURSOS LITERARIOS | |
| 653 | 0 | _aLIRICA | |
| 655 | _aLITERATURA | ||
| 700 | 1 | _aBen Yessef, Ahmed | |
| 942 | _cBK | ||
| 998 | _cMARTIN | ||
| 999 |
_c8417 _d8417 |
||